The Anthropology of Power and Maoism /

Bibliographic Details
Main Author: Kipnis, Andrew
Format: Libro
Language:English
Subjects:

MARC

LEADER 00000cam a2200000 a 4500
001 000191
003 UAHC_CL
005 20170803115621.0
008 030915b xx j 000 1 eng
040 |a UAHC_CL  |c UAHC_CL  |d UAHC_CL 
100 1 |a Kipnis, Andrew 
245 1 4 |a The Anthropology of Power and Maoism /  |c Andrew Kipnis. 
300 |a [10] p. 
500 |a En: American Anthropologist. -- Vol. 105 No. 2 (junio 2003), pp. 278-288 
600 1 4 |a 2191 
942 |c BK 
999 |c 191  |d 191